| 000 | 00601nam a2200217 u 4500 | ||
|---|---|---|---|
| 005 | 20250903063916.0 | ||
| 008 | 130905s2008 mx r 000 0 spa d | ||
| 020 | _a9789706992215 | ||
| 035 | _aUPN01000192625 | ||
| 049 | _aCG | ||
| 050 | 4 |
_aPQ7298.426 I5.2 _bU4.7 |
|
| 100 | 1 |
_aPiña, Gerardo, _d1975- _934434 |
|
| 245 | 1 | 3 |
_aLa última partida / _cGerardo Piña. |
| 260 |
_aMéxico : _bTusquets, _cc2008. |
||
| 300 | _a125 p. | ||
| 440 | 0 | _aAndanzas | |
| 650 | 4 |
_aNovela mexicana _ySiglo XXI _916447 |
|
| 650 | 4 |
_aLiteratura mexicana _ySiglo XXI _917492 |
|
| 905 | _aLibro | ||
| 999 |
_c164727 _d164727 |
||